Latein Quiz - Statistiken

Allgemein
  • Dieses Quiz wurde 176 mal gespielt
  • Das Durchschnittsergebnis liegt bei 4 aus 15
Antwortstatistiken
Wortgruppe Antwort % Korrekt
Carpe diem Nutze den Tag
79%
Veni, vidi, vici Ich kam, ich sah, ich siegte
65%
Alea iacta est Die Würfel sind gefallen
60%
In vino veritas Im Wein liegt die Wahrheit
58%
Cogito ergo sum Ich denke, also bin ich
54%
Nihil fit sine causa Nichts geschieht ohne Grund
10%
Cave canem Vorsicht vor dem Hund
9%
Memento mori Bedenke, dass du sterblich bist
8%
Non scholae sed vitae discimus Wir lernen nicht für die Schule, sondern fürs Leben.
8%
Non ducor, non duco Ich werde nicht geführt, ich führe
6%
Cor unum, via una Ein Herz, ein Weg
4%
Amor gignit amorem Die Liebe erzeugt Liebe
1%
Nunc est bibendum Nun muss getrunken werden.
1%
Dum vita est, spes est Solange es Leben gibt, gibt es Hoffnung
1%
Age quod agis Tu, was du tust
1%
Keine übereinstimmenden Quizze gefunden
Verteilung der Resultate
Anzahl Personen mit jedem Resultat
Perzentil nach korrekt beantworteten Fragen
Ihre Resultats-Entwicklung
Sie haben dieses Quiz noch nicht gespielt